Rheinlandpfalz - KFZ Kennzeichen - Statistiken

Allgemein
  • Dieses Quiz wurde 172 mal gespielt
  • Das Durchschnittsergebnis liegt bei 27 aus 42
Antwortstatistiken
Hint Antwort % Korrekt
KO Koblenz
94%
TR Trier
91%
LU Ludwigshafen
90%
MZ Mainz
90%
KL Kaiserslautern
89%
BIT Bitburg
86%
COC Cochem
85%
BIN Bingen
81%
AZ Alzey
80%
KUS Kusel
78%
MY Mayen
77%
PS Pirmasens
77%
WO Worms
76%
AW Ahrweiler
75%
LD Landau
74%
SP Speyer
70%
ZW Zweibrücken
66%
GER Germersheim
65%
MYK Mayen-Koblenz
65%
DÜW Bad Dürkheim an der Weinstraße
63%
PRÜ Prüm
63%
DAU Daun
60%
NR Neuwied am Rhein
60%
SIM Simmern
59%
BIR Birkenfeld
58%
ZEL Zell
58%
EMS Bad Ems
55%
FT Frankenthal
55%
NW Neustadt an der Weinstraße
55%
KH Bad Kreuznach
54%
RP Rhein-Pfalz
53%
WW Westerwald
53%
SÜW Südliche Weinstraße
52%
AK Altenkirchen
48%
KIB Kirchheimbolanden
48%
BKS Bernkastel-Kues
46%
GOA Goar
45%
WIL Wittlich
45%
DIZ Diez
42%
ROK Rockenhausen
42%
SAB Saarburg
33%
GOH Goarshausen
28%
Keine übereinstimmenden Quizze gefunden
Verteilung der Resultate
Anzahl Personen mit jedem Resultat
Perzentil nach korrekt beantworteten Fragen
Ihre Resultats-Entwicklung
Sie haben dieses Quiz noch nicht gespielt